MARC details
| 000 -CABECERA |
| campo de control de longitud fija |
01305nam a2200301 a 4500 |
| 001 - NÚMERO DE CONTROL |
| campo de control |
000024758 |
| 005 - FECHA Y HORA DE LA ÚLTIMA TRANSACCIÓN |
| campo de control |
20200930023342.0 |
| 008 - DATOS DE LONGITUD FIJA--INFORMACIÓN GENERAL |
| campo de control de longitud fija |
110203s1969 ag r 000 | spa d |
| 040 ## - FUENTE DE LA CATALOGACIÓN |
| Centro catalogador/agencia de origen |
DO-SdBNP |
| Lengua de catalogación |
spa |
| Centro/agencia transcriptor |
BNPHU |
| 041 17 - CÓDIGO DE LENGUA |
| Código de lengua del texto/banda sonora o título independiente |
eng |
| Código de lengua original |
spa |
| Fuente del código |
Código de idioma MARC |
| 082 ## - NÚMERO DE LA CLASIFICACIÓN DECIMAL DEWEY |
| Número de clasificación |
371.2 |
| Número de documento/Ítem |
C976a |
| 049 ## - FONDOS LOCALES (OCLC) |
| Fondos de biblioteca |
BNGR |
| 245 00 - MENCIÓN DE TÍTULO |
| Título |
Curriculum y administración escolar / |
| Mención de responsabilidad, etc. |
R. J. Purdy ... [et al.]. |
| 260 ## - PUBLICACIÓN, DISTRIBUCIÓN, ETC. |
| Lugar de publicación, distribución, etc. |
Buenos Aires, (Argentina) : |
| Nombre del editor, distribuidor, etc. |
Editorial Paidós, |
| -- |
Centro Regional de Ayuda Técnica ; |
| -- |
Agencia para el Desarrollo Internacional, |
| Fecha de publicación, distribución, etc. |
1969. |
| 300 ## - DESCRIPCIÓN FÍSICA |
| Extensión |
141 p. : |
| Otras características físicas |
il. ; |
| Dimensiones |
19 cm. |
| 534 ## - NOTA SOBRE LA VERSIÓN ORIGINAL |
| Encabezamiento principal del original |
Título original del inglés : |
| Mención de título del original |
Teacher's encyclopedia. |
| 500 ## - NOTA GENERAL |
| Nota general |
Incluye nota a está edición |
| 504 ## - NOTA DE BIBLIOGRAFÍA, ETC. |
| Nota de bibliografía, etc. |
Incluye referencias bibliográficas : p. 139-141 |
| 505 0# - NOTA DE CONTENIDO CON FORMATO |
| Título |
El maestro y los cursos de perfeccionamiento docente / |
| Mención de responsabilidad |
Robert J. Purdy y Arnold Finch |
| Título |
El maestro y el curriculum / |
| Mención de responsabilidad |
Laura M. Shufelt |
| Título |
El maestro y la administración escolar / |
| Mención de responsabilidad |
Elwood L. Prestwood. |
| 650 #4 - PUNTO DE ACCESO ADICIONAL DE MATERIA--TÉRMINO DE MATERIA |
| Término de materia o nombre geográfico como elemento de entrada |
Administración escolar |
| 9 (RLIN) |
17493 |
| 650 #4 - PUNTO DE ACCESO ADICIONAL DE MATERIA--TÉRMINO DE MATERIA |
| Término de materia o nombre geográfico como elemento de entrada |
Asistencia escolar |
| 9 (RLIN) |
50796 |
| 650 #4 - PUNTO DE ACCESO ADICIONAL DE MATERIA--TÉRMINO DE MATERIA |
| Término de materia o nombre geográfico como elemento de entrada |
Disciplina escolar |
| 9 (RLIN) |
10993 |
| 650 #4 - PUNTO DE ACCESO ADICIONAL DE MATERIA--TÉRMINO DE MATERIA |
| Término de materia o nombre geográfico como elemento de entrada |
Planificación escolar |
| 9 (RLIN) |
50797 |
| 700 1# - PUNTO DE ACCESO ADICIONAL--NOMBRE DE PERSONA |
| Nombre de persona |
Purdy, Robert J |
| 9 (RLIN) |
50798 |
| 700 1# - PUNTO DE ACCESO ADICIONAL--NOMBRE DE PERSONA |
| Nombre de persona |
Shufelt, Laura M. |
| 9 (RLIN) |
50799 |
| 700 1# - PUNTO DE ACCESO ADICIONAL--NOMBRE DE PERSONA |
| Nombre de persona |
Finch, Arnold |
| 9 (RLIN) |
50800 |
| 700 1# - PUNTO DE ACCESO ADICIONAL--NOMBRE DE PERSONA |
| Nombre de persona |
Prestwood, Elwood L. |
| 9 (RLIN) |
50801 |